Freund, Günter. Im Brennpunkt der Zeitgeschichte. - Berlin : NORA. - 2004 [Rezension]

Titel: Freund, Günter. Im Brennpunkt der Zeitgeschichte. - Berlin : NORA. - 2004 [Rezension]
Verfasser:
In: Beiträge zur Geschichte Westpreußens, Band 20/21 (2006), Seite 425-426
alle Artikel anzeigen
Veröffentlicht: 2006 [2008]
Format: Aufsatz
Sprache: Deutsch
Kein Bild verfügbar
X
alg: 39499398
001A    $01999:12-11-16 
001B    $01999:04-08-21 $t21:01:31.000 
001D    $01999:12-11-16 
001U    $0utf8 
001X    $00 
002@    $0Aox 
003@    $0394993985 
007A    $0394993985 $aHEB 
007T    $0Herdc0064227m 
010@    $ager 
011@    $a2006 $n2006 [2008] 
021A    $aFreund, Günter. Im Brennpunkt der Zeitgeschichte. - Berlin : NORA. -  2004 [Rezension] 
028A    $aSchmidt $dJürgen W. 
031A    $d20/21 $h425-426 $j2006 
039B    $aIn $8--Abvc--. Beiträge zur Geschichte Westpreußens. - Münster, Westf. : Nicolaus-Copernicus-Verl., 1967-2008. - ISSN 0341-9436 $x200600000200000575 $9046826319 
039T    $8--Aaxaf--Freund, Günter [Tnd]. Im Brennpunkt der Zeitgeschichte. - 1. Aufl.. - Berlin : NORA, 2004. - 345 S.. - Ill.. - ISBN 3-936735-79-4 $9120647923 
045F    $a900.9438 $eDDC23BSB 
045F/01 $a900 
045F/03 $g438 
045F/03 $g4382 
045F/03 $g43832 
045T    $a8,1 

lok: 39499398 78

exp: 39499398 78 1 #EPN
201B/01 $018-11-16 $t13:22:32.000 
201U/01 $0utf8 
203@/01 $0791292606 
208@/01 $a12-11-16 $be 
209A/01 $a/ $f000 $x00 
220C/01 $aTitelaufnehmer: gk;tn 
220C/01 $aHerkunft: HI Marburg 
244Z/01 $2Trx $#Poola $#Lenkija $#Polija $#Polen Land $#Poland $#Lengyelország $#Poľsko $#Polsko $8--Trx--Polska$gkraj $x01 $9391345966 
244Z/01 $2Trx $#Prusy Wschodnie i Zachodnie $8--Trx--Ost- und Westpreußen $x02 $939113373X 
244Z/01 $2Trx $#arvustused $#recenzijos $#Reviews $#recenziók $#recenzje $#recenzie $#recenze $8--Trx--Rezensionen $x03 $9391357441 
247C/01 $82080>Marburg/Lahn, Herder-Institut, Forschungsbibliothek, Bibliographieportal $9336309341
LEADER 00000caa a22000002c 4500
001 394993985
003 DE-603
005 20210804210131.0
007 tu
008 161112s2006 xx |||| | u00||u|ger c
035 |a (DE-599)HEB394993985 
040 |a DE-603  |b ger  |c DE-603  |d DE-603 
041 |a ger 
082 0 4 |8 1\u  |a 900.9438  |q DE-101  |2 23/BSB 
084 |a 8,1  |2 ssgn 
085 |8 1\u  |b 900 
085 |8 1\u  |z 2  |s 438 
085 |8 1\u  |z 2  |s 4382 
085 |8 1\u  |z 2  |s 43832 
100 1 |a Schmidt, Jürgen W. 
245 0 0 |a Freund, Günter. Im Brennpunkt der Zeitgeschichte. - Berlin : NORA. - 2004 [Rezension] 
264 0 |c 2006 [2008] 
773 0 8 |i In  |t Beiträge zur Geschichte Westpreußens  |d Münster, Westf. : Nicolaus-Copernicus-Verl., 1967-2008  |h 24 cm  |x 0341-9436  |g Band 20/21 (2006), Seite 425-426  |w (DE-603)046826319  |w (DE-600)731-6 
787 0 8 |i Rezension von  |a Freund, Günter  |t Im Brennpunkt der Zeitgeschichte  |b 1. Aufl.  |d Berlin : NORA, 2004  |h 345 S., Ill.  |z 3936735794  |w (DE-603)120647923 
924 0 |9 2080  |a (DE-603)791292606  |b DE-2080  |c HES  |d d  |g /